[Event "Tata Steel Tienkampen 2023"]
[Site "Wijk aan Zee"]
[Date "2023.01.29"]
[Round "9.1"]
[White "Beukema, Stefan"]
[Black "Van der Werf, Mark"]
[Result "1-0"]
[WhiteElo "2411"]
[BlackElo "2412"]
[Annotator "TA"]
[PlyCount "81"]
[EventDate "2023.01.20"]
[EventType "swiss"]
[EventCountry "NED"]
[SourceTitle "playchess.com"]
[Source "ChessBase"]
[SourceQuality "1"]

{[%evp 13,81,-21,-22,-20,-21,-14,-17,-27,-1,0,0,0,0,0,0,0,0,-38,-19,-52,-68,-130,-104,-181,-189,-202,-168,-173,-196,-189,-201,-190,-193,-187,-38,-35,15,8,15,-12,8,8,8,8,86,40,166,164,158,170,163,163,228,229,215,200,570,570,614,595,712,709,963,947,916,865,4670,4598,29981,29981]} 1. f4 {[%emt 0:00:07]} d5 {[%emt 0:00:07]} 2. Nf3 {[%emt 0:00:09]} g6 {[%emt 0:00:17]} 3. g3 {[%emt 0:00:28]} Bg7 {[%emt 0:00:06]} 4. Bg2 {[%emt 0:00:07]} Nf6 {[%emt 0:00:12]} 5. d3 {[%emt 0:00:03]} O-O {[%emt 0:00:10]} 6. O-O {[%emt 0:00:06]} Nc6 {[%emt 0:00:12]} 7. c3 {[%emt 0:05:58]} Re8 {[%emt 0:00:09]} 8. Ne5 {[%emt 0:03:07] A03: Bird's Opening with 1...d5.} Nxe5 {[%emt 0:00:38]} 9. fxe5 {[%emt 0:00:06]} Ng4 {[%emt 0:00:10]} 10. d4 {[%emt 0:01:44] The position is equal.} f6 {[%emt 0:00:10]} 11. Qb3 {[%emt 0:11:45] [#]} c6 $146 {[%emt 0:00:09]} ({Predecessor:} 11... fxe5 12. Qxd5+ Qxd5 13. Bxd5+ Kh8 14. dxe5 Nxe5 {½-½ Arnold,G (2236)-Schaub,J VW-Cup10 Gr08 email 2017}) 12. e4 {[%emt 0:01:00][%cal Re4d5]} Be6 {[%emt 0:07:33]} 13. h3 {[%emt 0:08:55]} Nh6 {[%emt 0:00:08][%cal Bg4h6,Bh6f5,Bf5g3][%mdl 32]} 14. Qxb7 {[%emt 0:01:02]} dxe4 {[%emt 0:03:38]} 15. Qxc6 {[%emt 0:00:49]} (15. Nd2 $5 {[%cal Rd2e4]}) 15... Bd5 {[%emt 0:00:44]} 16. Qa4 {[%emt 0:00:25]} Nf5 {[%emt 0:06:29]} 17. c4 {[%emt 0:23:14]} (17. g4 $15 Nh4 18. c4) 17... Bb7 {[%emt 0:00:29]} 18. d5 {[%emt 0:00:24]} (18. Rd1 $17) 18... Nxg3 $19 {[%emt 0:04:25]} 19. Re1 {[%emt 0:00:28]} f5 {[%emt 0:01:49]} (19... fxe5 20. Qb3 Qb6+ 21. Be3 $11) 20. Qb3 {[%emt 0:03:48]} Qb6+ {[%emt 0:07:31]} 21. Qxb6 {[%emt 0:01:22]} axb6 {[%emt 0:00:05]} 22. Bf4 {[%emt 0:00:07]} Nh5 {[%emt 0:00:06]} 23. Bh2 {[%emt 0:00:07] [#]} b5 {[%emt 0:10:25]} 24. cxb5 $15 {[%emt 0:08:14]} Bxd5 {[%emt 0:01:00]} (24... g5 $15) 25. Nc3 $11 {[%emt 0:00:10]} e6 {[%emt 0:02:08]} 26. Red1 {[%emt 0:04:10]} f4 {[%emt 0:28:41] Hoping for ...f3.} 27. Bxe4 {[%emt 0:06:45]} Bxe4 {[%emt 0:01:05]} 28. Nxe4 {[%emt 0:00:08] And now a4 would win.} Bxe5 {[%emt 0:00:05]} (28... Rec8 $1 $11) 29. a4 $16 {[%emt 0:00:08][%cal Ba2a4,Ba4a5][%mdl 32] a5 is the strong threat.} Bxb2 {[%emt 0:03:03]} (29... Rec8 $14) 30. Ra2 $18 {[%emt 0:00:21]} Be5 {[%emt 0:00:24] [#]} 31. a5 $1 {[%emt 0:01:40] White is more active.} Reb8 {[%emt 0:05:58]} 32. Rb1 {[%emt 0:00:54]} Ng3 {[%emt 0:04:47]} (32... Ng7 {is a better defense.} 33. Kh1 Bc7) 33. Bxg3 {[%emt 0:03:35]} fxg3 {[%emt 0:00:04]} 34. Kg2 {[%emt 0:00:16][%cal Ob5b6] Threatens to win with b6!} Kf8 $2 {[%emt 0:01:04]} (34... Bd4 35. Kxg3 Ra7) 35. b6 {[%emt 0:01:54][%cal Bb5b6,Bb6b7][%mdl 32]} ({Not} 35. Nxg3 Bd4 36. Ne4 Ke7 $18) 35... Bd4 {[%emt 0:01:46][%cal Ob8b6]} 36. b7 {[%emt 0:02:14]} (36. Kxg3 Rxb6 37. axb6 Be5+ 38. Kf3 Rxa2 $16) 36... Ra6 {[%emt 0:00:09]} 37. Rc2 {[%emt 0:00:52] Black must now prevent Rc8+.} (37. Kxg3 h6 38. Rb4 Ba7 $18) ({Less strong is} 37. Nxg3 Ke7 38. Ne4 e5 $18) 37... Ke7 {[%emt 0:03:01]} 38. Rc7+ {[%emt 0:02:12]} ({Weaker is} 38. Nxg3 Rxa5 39. Rc7+ Kd6 $16) 38... Kd8 {[%emt 0:00:17]} 39. Rbc1 {[%emt 0:00:20] Threatening mate with Rc8+.} Be5 {[%emt 0:01:44]} 40. Rf7 {[%emt 0:02:03] White threatens Rc8+ and mate.} Ke8 {[%emt 0:06:01]} 41. Rxh7 {[%emt 0:00:08] Never resign too early!   Weighted Error Value: White=0.11 (very precise) /Black=0.62} 1-0

[Event "Tata Steel Tienkampen 2023"]
[Site "Wijk aan Zee"]
[Date "2023.01.29"]
[Round "9.2"]
[White "Van Dael, Siem"]
[Black "Pham, Khoi"]
[Result "0-1"]
[WhiteElo "2291"]
[BlackElo "2353"]
[Annotator "TA"]
[PlyCount "86"]
[EventDate "2023.01.20"]
[EventType "swiss"]
[EventCountry "NED"]
[SourceTitle "playchess.com"]
[Source "ChessBase"]
[SourceQuality "1"]

{[%evp 14,86,22,18,60,25,51,27,45,20,16,10,39,39,64,29,37,2,39,8,14,7,11,0,0,0,0,0,0,-14,-22,-31,0,0,0,-6,0,0,0,0,0,0,0,0,0,-42,-52,-65,-66,-52,17,18,26,0,0,-11,-23,-36,40,-116,-25,-63,-64,-154,-142,-279,-264,-272,-272,-279,-261,-649,-639,-2042,-1841]} 1. e4 {[%emt 0:00:04]} c5 {[%emt 0:00:05]} 2. Nf3 {[%emt 0:00:04]} d6 {[%emt 0:00:05]} 3. d4 {[%emt 0:00:06]} cxd4 {[%emt 0:00:04]} 4. Nxd4 {[%emt 0:00:06]} Nf6 {[%emt 0:00:05]} 5. Nc3 {[%emt 0:00:06]} a6 {[%emt 0:00:06]} 6. Be3 {[%emt 0:00:05]} e5 {[%emt 0:00:13]} 7. Nb3 {[%emt 0:00:08]} Be7 {[%emt 0:00:19]} 8. f3 {[%emt 0:00:11]} h5 {[%emt 0:00:19] B90: Sicilian Najdorf: Unusual White 6th moves, 6 Be3 Ng4 and 6 Be3 e5.} 9. Qd2 {[%emt 0:00:23]} (9. Na4 $5 {[%cal Ra4b6]}) 9... Nbd7 {[%emt 0:00:12]} 10. a4 {[%emt 0:08:01]} Nf8 {[%emt 0:00:22] [#] White has an edge.} 11. a5 $146 {[%emt 0:07:22]} ({Predecessor:} 11. Be2 Ng6 12. O-O O-O 13. a5 Be6 14. Rfd1 Qc7 15. Nd5 Nxd5 16. exd5 Bf5 17. c4 {1-0 Barski,R (2434)-Warmerdam,M (2614) EU Corporate-ch rapid 2022 (5)}) 11... Be6 {[%emt 0:01:52]} 12. Nd5 {[%emt 0:00:21]} Bxd5 {[%emt 0:10:22]} 13. exd5 {[%emt 0:00:34]} Ng6 {[%emt 0:00:58]} 14. O-O-O {[%emt 0:06:05]} O-O {[%emt 0:06:14]} 15. Kb1 {[%emt 0:06:28]} Rc8 {[%emt 0:03:23]} 16. Be2 {[%emt 0:02:29]} Qd7 {[%emt 0:07:04]} 17. Qb4 {[%emt 0:03:09]} Bd8 {[%emt 0:11:52]} 18. c4 {[%emt 0:16:40]} e4 {[%emt 0:09:48]} 19. fxe4 {[%emt 0:24:10]} Re8 {[%emt 0:04:57]} 20. Bd4 {[%emt 0:04:06]} Nxe4 {[%emt 0:06:30][%cal Oe4f2] aiming for ...Nf2!} 21. Rhe1 {[%emt 0:07:12]} (21. Bxh5 Ne5 22. Be2 Nf2 23. Bxf2 Qf5+ 24. Ka2 Qxf2 $11) 21... Ne5 {[%emt 0:06:15]} 22. Bf1 {[%emt 0:04:35] This pair of bishops is nice.} (22. Bxh5 $2 Rxc4 23. Qa3 Ra4 24. Rxe4 Rxa3 25. bxa3 Nc4 $19) 22... f5 {[%emt 0:07:09]} 23. Rc1 {[%emt 0:11:04]} Bf6 {[%emt 0:01:02]} 24. Red1 {[%emt 0:00:17]} Kh8 {[%emt 0:05:30]} 25. Be2 {[%emt 0:02:58]} Qf7 {[%emt 0:02:15]} 26. Rf1 {[%emt 0:03:22]} Qg6 {[%emt 0:02:28]} 27. Rc2 {[%emt 0:00:55]} (27. Qxb7 $2 Rb8 28. Qc7 Rxb3 $19) 27... Ng4 {[%emt 0:03:16]} (27... Qxg2 28. Rxf5 h4 29. Bxe5 (29. Qxb7 $2 Rb8 $19 {[%mdl 64] Skewer}) 29... Bxe5 30. Qe1 $16) 28. h3 {[%emt 0:01:18]} (28. Qxb7 $2 Rb8 29. Qd7 Rxb3 $19) 28... Ne5 {[%emt 0:06:29]} 29. Rg1 {[%emt 0:01:03]} f4 {[%emt 0:02:38] ...Ng3 would be deadly.} 30. Rd1 {[%emt 0:01:17]} Ng3 {[%emt 0:01:24][%cal Be4g3,Bg3f5,Bf5d4,Bd4b5][%mdl 32]} ({Resist} 30... Qxg2 31. Bxh5 (31. Qxb7 $2 {loses.} Qxh3 32. Bxe5 Bxe5 $19) 31... Qxh3 32. Bxe8 Rxe8 33. Qxb7 $18) 31. Bxe5 {[%emt 0:00:35]} Bxe5 {[%emt 0:01:36]} (31... dxe5 $15 32. d6 Rcd8) 32. Bd3 $11 {[%emt 0:00:08]} Qf7 {[%emt 0:02:08]} 33. Nd2 {[%emt 0:00:18]} (33. Re1 $5 {[%cal Rb3d2]}) 33... Nf5 $36 {[%emt 0:00:48][%mdl 2048] Black has good play.} 34. Nf1 {[%emt 0:01:09]} Nd4 {[%emt 0:01:28]} 35. Rf2 {[%emt 0:00:03]} Qc7 {[%emt 0:01:02]} (35... b6 $15) 36. Qa4 $2 {[%emt 0:01:02] [#]} (36. Nd2 $14 {keeps the upper hand.}) 36... b6 {[%emt 0:00:39]} (36... b5 $1 $17 {[%cal Rb5a4]} 37. cxb5 Nxb5) 37. Bg6 {[%emt 0:00:26]} b5 {[%emt 0:04:27]} (37... Qxc4 $2 38. Qxc4 Rxc4 39. Bxe8 $18) 38. Qb4 {[%emt 0:00:08]} (38. cxb5 $1 $15 axb5 39. Qa3) 38... Rf8 $17 {[%emt 0:01:31]} ({Don't play} 38... Qxc4 39. Qxc4 bxc4 40. Bxe8 Rxe8 41. Rc1 $16) 39. cxb5 {[%emt 0:00:07]} (39. Qe1 $17) 39... Nxb5 $19 {[%emt 0:00:08]} 40. Rc2 {[%emt 0:00:51] Dodges Nc3+} Qe7 {[%emt 0:01:23] And now ...Rb8 would win.} 41. Rxc8 {[%emt 0:17:36]} Rxc8 {[%emt 0:00:03]} 42. Qe4 $2 {[%emt 0:13:56]} (42. Bc2 Rb8 43. Rd3) 42... Qb7 {[%emt 0:05:19] ( -> ...Na3+)} 43. Ka2 {[%emt 0:00:43] [#] Against Na3} Bxb2 $1 {[%emt 0:02:06][%mdl 576] Remove Defender, Decoy.   Weighted Error Value: White=0.46/Black=0.15 (very precise)} 0-1

[Event "Tata Steel Tienkampen 2023"]
[Site "Wijk aan Zee"]
[Date "2023.01.29"]
[Round "9.3"]
[White "Pijpers, Arthur"]
[Black "De Winter, Arthur"]
[Result "1-0"]
[WhiteElo "2445"]
[BlackElo "2371"]
[Annotator "TA"]
[PlyCount "63"]
[EventDate "2023.01.20"]
[EventType "swiss"]
[EventCountry "NED"]
[SourceTitle "playchess.com"]
[Source "ChessBase"]
[SourceQuality "1"]

{[%evp 14,63,56,41,35,33,22,18,75,77,62,77,67,29,47,24,86,66,67,35,34,23,34,0,0,-33,-22,-20,0,0,29,23,106,81,97,-63,95,77,219,207,279,168,1921,306,1954,1849,1226,804,29965,29968,29995,29996]} 1. d4 {[%emt 0:00:02]} Nf6 {[%emt 0:00:15]} 2. c4 {[%emt 0:00:05]} g6 {[%emt 0:00:12]} 3. Nc3 {[%emt 0:00:04]} Bg7 {[%emt 0:01:10]} 4. e4 {[%emt 0:00:06]} d6 {[%emt 0:00:03]} 5. Be2 {[%emt 0:00:05]} O-O {[%emt 0:00:05]} 6. Be3 {[%emt 0:00:03]} e5 {[%emt 0:00:31]} 7. d5 {[%emt 0:00:13]} Na6 {[%emt 0:00:08]} 8. h4 {[%emt 0:00:12][%cal Bh2h4,Bh4h5,Bh5h6][%mdl 32]} Nc5 {[%emt 0:02:48] E73: King's Indian: Averbakh Variation without 6...c5.} 9. Qc2 {[%emt 0:00:21]} c6 {[%emt 0:04:27]} 10. h5 {[%emt 0:00:35]} a5 {[%emt 0:04:02]} (10... cxd5 $11 11. cxd5 (11. h6 d4 $15) 11... Qb6) 11. h6 {[%emt 0:06:36]} Bh8 {[%emt 0:00:06]} 12. Bxc5 {[%emt 0:00:05]} dxc5 {[%emt 0:00:18]} 13. O-O-O {[%emt 0:00:50]} (13. Rd1 $5 {[%cal Rd5c6]}) 13... cxd5 {[%emt 0:08:21]} 14. cxd5 {[%emt 0:04:16] [#]} Ne8 $146 {[%emt 0:00:15] [#] Black is weak on the light squares} (14... a4 $11 {remains equal.}) ({Predecessor:} 14... a4 15. Nf3 a3 16. b3 Qa5 17. d6 Be6 18. Bc4 Rad8 19. Bxe6 fxe6 20. Kb1 Nd7 {0-1 Kobo,O (2501)-Bakalchuk,J (2382) Budapest Spring op 2017 (9)}) 15. d6 $1 $16 {[%emt 0:18:48]} c4 {[%emt 0:18:15]} 16. Bxc4 {[%emt 0:29:28] White has more active pieces.} Nxd6 {[%emt 0:00:19][%cal Ob7b5]} 17. Nf3 {[%emt 0:00:16]} Bg4 {[%emt 0:02:17]} 18. Nb5 {[%emt 0:09:12]} Bxf3 {[%emt 0:03:15]} 19. gxf3 {[%emt 0:00:05]} (19. Rxd6 $5 Qg5+ 20. Kb1 Bxg2 21. Rg1 Qxh6 22. f4 $11) 19... Qg5+ {[%emt 0:00:05]} 20. Kb1 {[%emt 0:00:05]} Nxc4 {[%emt 0:02:01]} 21. Qxc4 {[%emt 0:00:03]} Rac8 {[%emt 0:00:53]} 22. Qb3 $36 {[%emt 0:09:50][%mdl 2048] White fights for an advantage.} (22. Qf1 {simplifies} Qf6 23. Qe2 Rcd8 24. Rxd8 Qxd8 25. Nc3) 22... Bf6 {[%emt 0:06:55] [#]} (22... Rcd8 $11 {keeps the balance.}) 23. Nc3 $1 {[%emt 0:12:28][%cal Bb5c3,Bc3d5,Bd5f6,Bf6g4][%mdl 32] Strongly threatening Nd5.} Be7 {[%emt 0:06:13]} 24. Rd7 $2 {[%emt 0:07:45]} ({White should try} 24. Nd5 $16 Bc5 25. Qxb7) 24... Bc5 $2 {[%emt 0:16:01]} (24... Qg2 $15 25. Qd1 Rcd8 26. Rxd8 Bxd8) 25. Nd5 {[%emt 0:01:11] And now f4 would win.} ({Don't play} 25. Rxb7 Qg2 26. Rc1 Bd4 $15) 25... a4 {[%emt 0:03:10] This costs Black the game.} (25... Kh8 $16) 26. Qxa4 $18 {[%emt 0:03:10]} ({Weaker is} 26. Qxb7 Rb8 27. Qc6 Rxb2+ 28. Kxb2 Qd2+ 29. Kb1 Qd3+ 30. Kb2 Qd2+ 31. Kb1 Qd3+ 32. Kb2 Qd2+ $11) 26... Qg2 {[%emt 0:00:21]} 27. Qd1 {[%emt 0:01:11]} Rb8 $2 {[%emt 0:10:08]} (27... Kh8) 28. Nf6+ {[%emt 0:01:02]} Kh8 {[%emt 0:00:04]} 29. Ng4 {[%emt 0:00:32] Rh2 would be deadly.} Bxf2 {[%emt 0:04:12]} 30. Rd2 {[%emt 0:00:35]} f5 {[%emt 0:01:11]} 31. Rxf2 {[%emt 0:01:03]} Qg3 {[%emt 0:00:05] [#]} 32. Qd7 $1 {[%emt 0:00:13] Weighted Error Value: White=0.23 (precise) /Black=0.61} 1-0

[Event "Tata Steel Tienkampen 2023"]
[Site "Wijk aan Zee"]
[Date "2023.01.29"]
[Round "9.4"]
[White "Lopez, Jasel"]
[Black "Zwirs, Nico"]
[Result "1/2-1/2"]
[WhiteElo "2434"]
[BlackElo "2467"]
[Annotator "TA"]
[PlyCount "119"]
[EventDate "2023.01.20"]
[EventType "swiss"]
[EventCountry "NED"]
[SourceTitle "playchess.com"]
[Source "ChessBase"]
[SourceQuality "1"]

{[%evp 12,119,25,27,35,47,47,12,16,18,13,22,22,37,23,21,25,16,31,18,19,-29,39,-41,0,0,0,0,11,0,243,243,247,250,237,245,402,383,383,381,908,905,904,865,817,147,145,150,206,203,189,216,216,209,196,199,198,170,174,135,247,246,151,148,159,0,60,0,120,0,0,0,0,0,0,0,0,0,0,0,0,0,-4,-12,-12,-35,0,0,0,0,0,-5,-6,-14,0,-14,-17,-15,0,0,0,-15,-21,-37,0,0,0,-33,0,0]} 1. c4 {[%emt 0:00:21]} e6 {[%emt 0:00:02]} 2. Nc3 {[%emt 0:00:27]} d5 {[%emt 0:00:07]} 3. d4 {[%emt 0:00:16]} Nf6 {[%emt 0:00:06]} 4. cxd5 {[%emt 0:01:13]} exd5 {[%emt 0:00:05]} 5. Bg5 {[%emt 0:00:09][%cal Bc1g5,Bg5h4,Bh4g3][%mdl 32]} Bb4 {[%emt 0:00:16]} 6. e3 {[%emt 0:02:45]} h6 {[%emt 0:02:17]} 7. Bh4 {[%emt 0:00:06]} g5 {[%emt 0:00:21] D35: Queen's Gambit Declined: Exchange Variation.} 8. Bg3 {[%emt 0:00:06]} h5 {[%emt 0:00:07]} 9. Bd3 {[%emt 0:22:54]} h4 {[%emt 0:01:35]} 10. Be5 {[%emt 0:00:34]} Nbd7 {[%emt 0:00:17]} 11. Qb3 {[%emt 0:01:37]} (11. Bxf6 {simplifies} Bxc3+ 12. bxc3 Qxf6 13. a4) 11... Bxc3+ {[%emt 0:27:26]} 12. Qxc3 {[%emt 0:00:21]} Nxe5 {[%emt 0:00:04]} 13. dxe5 {[%emt 0:00:15]} Ne4 {[%emt 0:01:53] [#]} 14. Bxe4 $146 {[%emt 0:11:46]} ({Predecessor:} 14. Qa3 h3 15. Nxh3 Bxh3 16. gxh3 Rxh3 17. Bxe4 dxe4 18. Rd1 Qe7 19. Qa4+ c6 20. Qxe4 {½-½ Donchenko,A (2636)-Kulaots,K (2513) Elllobregat op 3rd 2022 (8)}) 14... dxe4 {[%emt 0:00:02]} 15. Rd1 $36 {[%emt 0:00:10][%mdl 2048] White is more active.} Qe7 {[%emt 0:01:23]} 16. Rd4 {[%emt 0:05:46]} (16. Ne2 $142) 16... Bf5 {[%emt 0:10:59]} (16... Qxe5 $2 17. Rd8+ Kxd8 18. Qxe5 $18) (16... Bd7 $11) 17. f4 {[%emt 0:16:21]} ({White should play} 17. Ne2 $14) 17... exf3 {[%emt 0:41:38]} 18. Nxf3 {[%emt 0:01:46][%cal Bg1f3,Bf3d2,Bd2e4][%mdl 32]} g4 {[%emt 0:08:47]} 19. Nd2 {[%emt 0:01:11]} Bd7 {[%emt 0:00:15]} (19... Qxe5 $2 20. Rd8+ Kxd8 21. Qxe5 $18) 20. e6 {[%emt 0:21:42]} (20. Qxc7 {simplifies} Bc6 21. Qxe7+ Kxe7 22. Rxg4 h3 23. e4) 20... fxe6 {[%emt 0:01:06]} (20... Bxe6 $11 21. O-O h3) 21. Qxc7 $18 {[%emt 0:01:15][%cal Od2e4] Threatens to win with Ne4!} Rc8 {[%emt 0:01:43]} 22. Qe5 {[%emt 0:00:05]} (22. Qxb7 Rc1+ 23. Ke2 Rxh1 $14) 22... Rf8 {[%emt 0:01:18] [#]} 23. Ne4 {[%emt 0:00:51] Inhibits Qc5.} (23. Rxg4 $2 Rc1+ 24. Ke2 Rxh1 $19) 23... Kd8 $2 {[%emt 0:05:44]} (23... Rc6 24. Nd6+ {[%mdl 64] Discovered Attack} (24. Qb8+ Qd8 $11) 24... Rxd6 25. Rxd6 (25. Qxd6 Qxd6 26. Rxd6 Ke7 $16) 25... Rf5) 24. Qa5+ {[%emt 0:02:09]} Rc7 {[%emt 0:00:23]} 25. Qxa7 {[%emt 0:00:45]} (25. Rc4 b6 26. Qc3 Bb5 27. Rxc7 Qxc7 $15) 25... e5 $2 {[%emt 0:01:30]} (25... Rc1+ $2 26. Kd2 Rc6 27. Qxb7 $18) (25... h3 26. Qa8+ Rc8 27. Qa5+ (27. Qxb7 $2 hxg2 28. Rg1 Rf1+ {[%mdl 64] Promotion} 29. Rxf1 Rc1+ {[%mdl 64] Skewer, Deflection} 30. Kd2 gxf1=Q $19) 27... Ke8) 26. Qa8+ {[%emt 0:03:12]} Rc8 27. Qa5+ {[%emt 0:00:06]} (27. Qxb7 $2 {loses.} exd4 28. Qb6+ Rc7 29. Qxd4 h3 30. gxh3 Qh4+ 31. Kd2 Qxh3 $19) 27... Rc7 {[%emt 0:00:02]} 28. Rd5 $2 {[%emt 0:01:05]} (28. Rd3 $18 {and the rest is easy. aiming for Ke2.} Qh7 29. Nc5 (29. Qxe5 Kc8 $16)) 28... Qe6 $16 {[%emt 0:01:14]} 29. Rxe5 {[%emt 0:12:17]} Qc6 {[%emt 0:01:29]} (29... b6 $16 {might work better.} 30. Qa8+ {[%mdl 64] Skewer} Rc8 31. Rxe6 (31. Qd5 $2 Rc1+ {[%mdl 64] Skewer} 32. Ke2 Qxd5 $19) 31... Rxa8 32. Rxb6 Kc7) 30. Rc5 $18 {[%emt 0:01:16]} b6 31. Rxc6 {[%emt 0:00:27] White threatens Qg5+ and mate.} bxa5 {[#]} 32. Rxc7 {[%emt 0:00:08]} Kxc7 {[%mdl 4096] Endgame KRB-KRN} 33. Rf1 {[%emt 0:00:21]} Rb8 {[%emt 0:01:52]} 34. Rf2 {[%emt 0:01:25]} Bc6 {[%emt 0:00:26]} 35. Nc3 {[%emt 0:00:08]} g3 {[%emt 0:02:04]} (35... a4 $16 36. Kd1 g3 37. hxg3 hxg3) 36. hxg3 {[%emt 0:00:06]} hxg3 {[%emt 0:00:01]} 37. Re2 {[%emt 0:00:09]} Kd6 {[%emt 0:01:22]} 38. Kf1 $2 {[%emt 0:02:40]} (38. b3 $16) 38... Ke5 {[%emt 0:00:19]} (38... Rf8+ $11 39. Ke1 a4) 39. Rd2 {[%emt 0:00:21]} (39. Rc2 $14) 39... Bb7 {[%emt 0:01:01]} (39... Rf8+ $11 40. Kg1 a4) 40. Kg1 {[%emt 0:00:42]} (40. e4 $16) 40... Rf8 $1 $11 {[%emt 0:00:24]} 41. e4 {[%emt 0:11:24]} Ba6 {[%emt 0:30:32][%csl Ga6][%cal Rf8f1]} 42. Rd5+ {[%emt 0:06:08]} Ke6 {[%emt 0:00:05][%csl Ga6][%cal Rf8f1]} 43. Rd1 {[%emt 0:00:07] Repels Rf1+} (43. Rxa5 $2 Rf1#) 43... Rf2 {[%emt 0:03:29]} 44. b3 {[%emt 0:08:02]} Rc2 {[%emt 0:00:12]} 45. Nd5 {[%emt 0:04:06]} Ke5 {[%emt 0:01:43]} 46. Ne3 $1 {[%emt 0:03:35]} Rxa2 {[%emt 0:00:37]} 47. Nf5 {[%emt 0:03:15]} Kf4 {[%emt 0:00:35][%mdl 1024] And now ...Rb2 would win. Black has compensation.} 48. Re1 $1 {[%emt 0:00:25]} Rb2 {[%emt 0:04:18]} (48... Rd2 $5 {[%cal Rd2d3]} 49. Ng7 Be2 50. Ne6+ Kxe4 $19) 49. Nd4 {[%emt 0:02:18]} Bb7 {[%emt 0:00:13]} (49... Bd3 $5 50. e5 $8 Be4 $11) 50. Ne6+ {[%emt 0:00:14]} Kg4 $1 {[%emt 0:01:00]} 51. Nc5 {[%emt 0:00:11]} Ba8 {[%emt 0:01:20]} 52. Rc1 {[%emt 0:01:47]} Kg5 {[%emt 0:01:28]} 53. Kf1 {[%emt 0:00:03]} Rf2+ {[%emt 0:00:14]} 54. Kg1 {[%emt 0:00:03]} Rb2 {[%emt 0:00:20]} 55. Kf1 {[%emt 0:00:03]} Rf2+ {[%emt 0:01:57]} 56. Kg1 {[%emt 0:00:03]} Rd2 {[%emt 0:01:44]} 57. Kf1 {[%emt 0:03:55]} Rf2+ {[%emt 0:00:37]} 58. Kg1 {[%emt 0:00:20]} Rd2 {[%emt 0:00:10]} 59. Kf1 {[%emt 0:00:04]} Kf4 {[%cal Of4g4]} (59... Kg4 $5 {[%cal Ra8c6]}) 60. Rc3 {[%emt 0:00:07] Black defended with fortune.   Weighted Error Value: White=0.28 (precise) /Black=0.23 (precise)} 1/2-1/2